Rappeurs par lettre - J - Statistiques

Statistiques générales
  • Ce quiz a été pris 241 fois
  • Le résultat moyen est 4 sur 10
Statistiques - réponses
Albums notable Réponse % Correct
My World, Rien100rien Jul
90%
J.O.$, SPLIT Josman
87%
Je suis Bad Daddy Jok'air
49%
Ateyaba, Tokyo Joke
45%
Mona Lisa (Single feat Booba), POMPEII JSX
39%
Goldman, Doudoune en été - temps additionnel JeanJass
35%
A La Tess, Kush Drill (singles) JNR
29%
Sur la route du 3.14, Nuit Jazzy Bazz
26%
Armageddon, Gare au jaguarr JoeyStarr
15%
Arc-en-ciel, Illusions J9ueve
14%
Aucun quiz correspondant
Distribution des résultats
% des personnes avec chaque résultat
Percentile par nombre de réponses
Votre historique - résultats
Vous n’avez pas pris ce quiz